000 00283nam a2200121Ia 4500
008 230303s9999 xx 000 0 und d
041 _aeng
082 _a621.38 TAU
100 _aTAUB (Herbert)
245 _aPrinciples of Communication Systems
260 _aN.Delhi
365 _cRS
999 _c181250
_d181250